01318nam a22002537a 4500999001500000003000900015008004100024040007100065082001600136110003300152245006500185260004400250300003600294440005000330505045100380650002500831650002200856650001800878650002300896650001800919942001600937945000900953952010200962 c6590d6590AR-CdUCM190318b ||||| |||| 00| 0 spa d aMUNICIPALIDAD PROVINCIAL DEL CUSCOcBIBLIOTECA MUNICIPAL DEL CUSCO a080 /bSA18 aSalvat Editores, S.A.918368 aBiblioteca Salvat de Grandes Temas :bEl origen del hombre / aEspañabSalvat Editores, S.A.,c1974. bIlustraciones en color,c20 cm. aBiblioteca Salvat de Grandes Temas n8918552 aContenido: 1. La contaminación, 2.Historia mundial desde 1939, 3.La formación de la tierra, 4. El nacimiento de un niño, 5.El cine, arte e industria, 6.Los átomos, 7.El arte abstracto y arte figurativo 8.El origen del hombre, 9.Las noticias y la información, 10.El sistema solar, 11.La pobreza en las grandes ciudades, 12.Nuevos rumbos del teatro, lingüística y significación, 14.La televisión, 15. La explosión demográfica aEnciclopedia 918213 aHumanidades 9641 aCultura 9126 aColección 92826 aCiencia92098 2ddccLIBROS admma 002ddc4070aSHbSHcCARTd2019-03-18g20.00o080 / SA18 / t.8pSH0000007706r2019-03-18yLIBROS